Normal view
MARC view
- WANG,WEL/DUAN,JINQIAO
Entry Personal Name
001 - CONTROL NUMBER
- control field: 4759
003 - CONTROL NUMBER IDENTIFIER
- control field: JO-AjAnu
005 - DATE AND TIME OF LATEST TRANSACTION
- control field: 20230606071057.0
008 - FIXED-LENGTH DATA ELEMENTS
- fixed length control field: 230606|| aca||aabn | a|a d
040 ## - CATALOGING SOURCE
- Original cataloging agency: JO-AjAnu
- Transcribing agency: JO-AjAnu
100 ## - HEADING--PERSONAL NAME
- Personal name: WANG,WEL/DUAN,JINQIAO
670 ## - SOURCE DATA FOUND
- Source citation: Work cat.: (JO-AjAnu)2463: WANG,WEL/DUAN,JINQIAO, author, Effective DynMICS Of stocgastic partial Differential Equations